Teenage Mutant Ninja Turtles Franchise - Statistics

General Stats
  • This quiz has been taken 87 times
  • The average score is 32 of 79
Answer Stats
Type Year Name Info % Correct
Comic Series 1984-2014 Teenage Mutant Ninja Turtles Mirage Studios
98%
TV Show 1987-1996 Teenage Mutant Ninja Turtles Syndication / CBS
98%
Video Game 1989 Teenage Mutant Ninja Turtles Konami / Ultra Games / Palcom / U.S. Gold
98%
Video Game 1989 Teenage Mutant Ninja Turtles Konami / Image Works / Ultra Games / Ubisoft
98%
Video Game 1989 Teenage Mutant Ninja Turtles Konami
98%
Film 1990 Teenage Mutant Ninja Turtles New Line Cinema
98%
Comic Strip 1990-1997 Teenage Mutant Ninja Turtles Creator's Syndicate
98%
Video Game 1991 Teenage Mutant Ninja Turtles Data East
98%
Comic Series 2003 Teenage Mutant Ninja Turtles Dreamwave Productions
98%
Video Game 2003 Teenage Mutant Ninja Turtles Konami
98%
Video Game 2003 Teenage Mutant Ninja Turtles Konami
98%
TV Show 2003-2010 Teenage Mutant Ninja Turtles Fox Box / 4Kids TV / The CW4Kids
98%
Comic Series 2011-Present Teenage Mutant Ninja Turtles IDW Publishing
98%
TV Show 2012-2017 Teenage Mutant Ninja Turtles Nickelodeon / Nicktoons
98%
Video Game 2013 Teenage Mutant Ninja Turtles Activision
98%
Film 2014 Teenage Mutant Ninja Turtles Paramount
98%
Video Game 2014 Teenage Mutant Ninja Turtles Magic Pockets
98%
Video Game 1990 Teenage Mutant Ninja Turtles: Fall of the Foot Clan Konami / Ultra Games
97%
Film 2007 TMNT Warner Bros. / The Weinstein Company
97%
Video Game 2007 TMNT Ubisoft
97%
Video Game 2007 TMNT Ubisoft
97%
Film 1991 Teenage Mutant Ninja Turtles II: The Secret of the Ooze New Line Cinema / 20th Century Fox
73%
Video Game 2013 Teenage Mutant Ninja Turtles: Out of the Shadows Activision
66%
Film 2016 Teenage Mutant Ninja Turtles: Out of the Shadows Paramount
66%
TV Show 2018-Present Rise of the Teenage Mutant Ninja Turtles Nickelodeon / Nicktoons
61%
Film TBA Rise of the Teenage Mutant Ninja Turtles Netflix
61%
Video Game 1991 Teenage Mutant Ninja Turtles III: The Manhattan Project Konami
58%
Video Game 2005 Teenage Mutant Ninja Turtles 3: Mutant Nightmare Konami
56%
Film 1993 Teenage Mutant Ninja Turtles III New Line Cinema / 20th Century Fox
56%
Video Game 1993 Teenage Mutant Ninja Turtles III: Radical Rescue Konami
56%
Video Game 1991 Teenage Mutant Ninja Turtles III: Shredder's Last Stand Konami
56%
Video Game 2004 Teenage Mutant Ninja Turtles 2: Battle News Konami
49%
Video Game 1991 Teenage Mutant Ninja Turtles II: Back from the Sewers Konami
49%
Video Game 1990 Teenage Mutant Ninja Turtles II: Splinter Speaks Konami
49%
Video Game 1997 Ninja Turtles: The Next Mutation Playmates Interactive Entertainment
41%
TV Show 1997-1998 Ninja Turtles: The Next Mutation Fox Kids
41%
Video Game 1991 Teenage Mutant Ninja Turtles: Turtles in Time Konami
41%
TV Film 2009 Turtles Forever The CW4Kids
25%
Theme Park Attraction 2015-Present The Shredder Nickelodeon Universe
22%
Video Game 1993 Teenage Mutant Ninja Turtles: Tournament Fighters Konami
15%
Video Game 2014 Teenage Mutant Ninja Turtles: Danger of the Ooze Activision
14%
Video Game 2016 Teenage Mutant Ninja Turtles Legends Ludia
14%
Video Game 1992 Teenage Mutant Ninja Turtles: The Hyperstone Heist Konami
14%
Video Game 2005 Teenage Mutant Ninja Turtles: Mutant Melee Konami
12%
Video Game 2016 Teenage Mutant Ninja Turtles: Mutants in Manhattan Activision
12%
Book 1986 Teenage Mutant Ninja Turtles Adventures Erick Wujcik
10%
Comic Series 1988-1995 Teenage Mutant Ninja Turtles Adventures Archie Comics
10%
Video Game 2009 Teenage Mutant Ninja Turtles: Smash-Up Ubisoft
10%
Video Game 1991 Teenage Mutant Ninja Turtles: Basketball Konami
7%
Video Game 2015 Teenage Mutant Ninja Turtles: Battle Match Nickelodeon
7%
Video Game 2013 Teenage Mutant Ninja Turtles: Rooftop Run Nickelodeon
7%
Theme Park Attraction 2012-Present Teenage Mutant Ninja Turtles Shell Shock Nickelodeon Universe
7%
OVA 1996 Mutant Turtles: Superman Legend Bee Media / Tsuburaya Productions
5%
Video Game 1995 Teenage Mutant Ninja Turtles: Dimension X Assault Tiger Electronics
5%
Video Game 2005 Teenage Mutant Ninja Turtles Fast Forward: Ninja Training NYC Overloaded
5%
Video Game 1992 Teenage Mutant Ninja Turtles: Four for Four ????
5%
Video Game 2016 Teenage Mutant Ninja Turtles: Portal Power Nickelodeon
5%
Video Game 2009 Teenage Mutant Ninja Turtles: Turtles in Time Re-Shelled Ubisoft
5%
Video Game 1990 Teenage Mutant Ninja Turtles: World Tour Konami
5%
Video Game 2013 Nickelodeon Teenage Mutant Ninja Turtles Totally Turtles Tabletop Pinball Nickelodeon
3%
Video Game 1991 Teenage Mutant Hero Turtles Konami
3%
Video Game 2009 Teenage Mutant Ninja Turtles: Arcade Attack Ubisoft
3%
Video Game 2006 Teenage Mutant Ninja Turtles: Battle for the City Tech2Go
3%
Book 1987 Teenage Mutant Ninja Turtles Guide to the Universe Erick Wujcik
3%
Video Game 1991 Teenage Mutant Ninja Turtles: Manhattan Missions Konami
3%
Video Game 2013 Teenage Mutant Ninja Turtles: Mutant Rumble SWAPPZ
3%
Video Game 2006 Teenage Mutant Ninja Turtles: Mutants and Monsters Mayhem ????
3%
Book 1985 Teenage Mutant Ninja Turtles & Other Strangeness Erick Wujcik
3%
Video Game 1990 Teenage Mutant Ninja Turtles: Pizza Drop Data East
3%
Video Game 2009 Teenage Mutant Ninja Turtles: The Ninja Tribunal 4mobile
3%
Video Game 2009 Teenage Mutant Ninja Turtles: The Shredder Reborn 4mobile
3%
Video Game 2006 Teenage Mutant Ninja Turtles: The Way of the Warrior Tech2Go
3%
Video Game 2014 Teenage Mutant Ninja Turtles: Training Lair Paramount
3%
Video Game 2007 TMNT: Ninja Adventures Focus Multimedia Ltd
3%
Video Game 2006 TMNT: Power of 4 Overloaded
3%
Theme Park Attraction 2019-Present TMNT Shellraiser Nickelodeon Universe
3%
Book 1989 Transdimensional Teenage Mutant Ninja Turtles Erick Wujcik
3%
Book 1989 Truckin' Turtles Jape Trostle / Kevin Siembieda
3%
Book 1990 Turtles Go Hollywood Daniel Greenberg / Kevin Siembieda
3%
No matching quizzes found
Score Distribution
Percent of People with Each Score
Percentile by Number Answered
Your Score History
You have not taken this quiz